000 00637nam a2200229Ia 4500
003 OSt
005 20220924120400.0
006 a|||||r|||| 00| 0
007 ta
008 220923b |||||||| |||| 00| 0 hin d
024 _a75774
037 _cTextual
040 _aARTS
_cARTS
_bhin
041 _2hin
_ahin
082 _aR625, 152J3 (ER)
100 _aShastri Dharmendra Nath
245 0 _aBharatiya Darshan Shastra
260 _aDelhi
_bMotilal Banarasidass
_c1953
650 _aNYAYA PHILOSOPHY
_910608
942 _hR625, 152J3 (ER)
_cTEXL
_2CC
999 _c402558
_d402558